000 00189nam a2200085Ia 4500
008 180219s9999 xx 000 0 und d
100 _aN C E R T
245 0 _aAngreji Shikshan 1 4
260 _aN.C.E.R.T
260 _c2008
999 _c42736
_d42736